Teach Yourself Sanskrit: Dviteeya Deeksha (Record no. 20493)

MARC details
000 -LEADER
fixed length control field 00350nam a22001337a 4500
020 ## - INTERNATIONAL STANDARD BOOK NUMBER
ISBN 81-86111-13-1
082 ## - DEWEY DECIMAL CLASSIFICATION NUMBER
Classification number 491.25 VEM V2
100 ## - MAIN ENTRY--AUTHOR NAME
Author name Vempati, Kutumbasastri
245 ## - TITLE STATEMENT
Title Teach Yourself Sanskrit: Dviteeya Deeksha
260 ## - PUBLICATION, DISTRIBUTION, ETC. (IMPRINT)
Place of publication New Delhi
Name of publisher Rashtriya Sanskrit Sansthanam
Year of publication 2017
300 ## - PHYSICAL DESCRIPTION
Number of Pages 151
650 ## - SUBJECT ADDED ENTRY--TOPICAL TERM
Topical Term Sanskrit-Literature
942 ## - ADDED ENTRY ELEMENTS (KOHA)
Koha item type Books
Holdings
Home library Current library Shelving location Date acquired Source of acquisition Cost, normal purchase price Full call number Accession Number Koha item type
Henry Martyn Institute Library Henry Martyn Institute Library General stacks 06/27/2017 Rashtriya Sanskrit Sansthanam 600.00 491.25 VEM V2 C.1 25274 Books
Henry Martyn Institute Library Henry Martyn Institute Library General stacks 06/27/2017 Rashtriya Sanskrit Sansthanam 600.00 491.25 VEM V2 C1 25275 Books
Henry Martyn Institute Library Henry Martyn Institute Library General stacks 06/27/2017 Rashtriya Sanskrit Sansthanam 600.00 491.25 VEM V2 C1 25276 Books
Henry Martyn Institute Library Henry Martyn Institute Library General stacks 06/27/2017 Rashtriya Sanskrit Sansthanam 600.00 491.25 VEM V2 C2 25277 Books
Henry Martyn Institute Library Henry Martyn Institute Library General stacks 06/27/2017 Rashtriya Sanskrit Sansthanam 600.00 491.25 VEM V2 C2 25278 Books
Henry Martyn Institute Library Henry Martyn Institute Library General stacks 06/27/2017 Rashtriya Sanskrit Sansthanam 600.00 491.25 VEM V2 C2 25279 Books
Henry Martyn Institute Library Henry Martyn Institute Library General stacks 06/27/2017 Rashtriya Sanskrit Sansthanam 600.00 491.25 VEM V2 C3 25280 Books
Henry Martyn Institute Library Henry Martyn Institute Library General stacks 06/27/2017 Rashtriya Sanskrit Sansthanam 600.00 491.25 VEM V2 C3 25281 Books
Henry Martyn Institute Library Henry Martyn Institute Library General stacks 06/27/2017 Rashtriya Sanskrit Sansthanam 600.00 491.25 VEM V2 C3 25282 Books
                   Copyright © 2026 | Henry Martyn Institute | Hyderabad | TS-500052 | INDIA | Implemented by hmi.edu.in
Hit-Count:

Powered by Koha